000 00973nam0a22002531 4500
001 rc\1174394
005 20041129085501.6
035 _a(NLR Aleph) 006417156
090 _a5409120
_c5409120
100 _a20041129d1980 u |0rusy50 ca
101 0 _arus
102 _aRU
105 _aa |||||||||
200 1 _aВопросы формации на Дальнем Востоке
_eСб. науч. тр.
_fМ-во здравоохранения РСФСР, Хабар. гос. мед. ин-т
_g[Под ред. проф. Фруентова Н.К.]
210 _aХабаровск
_cБ. и.
_d1980
215 _a167 с.
_cил.
_d21
320 _aБиблиогр. в конце статей
702 1 _aФруентов
_bН. К.
_gНиколай Константинович
_4340
712 0 2 _aХабаровский мед. ин-т
_3RU\NLR\AUTH\889928246
801 0 _aRU
_bNLR
_gpsbo
801 1 _aRU
_bELAR
_2rusmarc
852 _aNLR
_j82-3/5799
942 _cBOOK
980 _aNB